История ромеев (Запись № 11458777)

Подробности
000 -МАРКЕР
контрольное поле 01213nam1a2200289 4500
001 - ИДЕНТИФИКАТОР ЗАПИСИ
контрольное поле RU\NLR\BIBL_A\011392283
005 - ИДЕНТИФИКАТОР ВЕРСИИ
контрольное поле 20260406074055.0
035 ## - ДРУГИЕ СИСТЕМНЫЕ НОМЕРА
Идентификатор записи (NLR Aleph) 011392283
100 ## - ДАННЫЕ ОБЩЕЙ ОБРАБОТКИ
Данные общей обработки 20170504g20179999k y0rusy50 ca
101 1# - ЯЗЫК РЕСУРСА
Язык текста, звукозаписи и т.д. русский
Язык оригинала греческий (совр.)
102 ## - СТРАНА ПУБЛИКАЦИИ ИЛИ ПРОИЗВОДСТВА
Страна публикации Российская Федерация
105 ## - ПОЛЕ КОДИРОВАННЫХ ДАННЫХ: ТЕКСТОВЫЕ МАТЕРИАЛЫ, МОНОГРАФИЧЕСКИЕ
Кодированные данные о монографическом текстовом документе z
200 1# - ЗАГЛАВИЕ И СВЕДЕНИЯ ОБ ОТВЕТСТВЕННОСТИ
Основное заглавие История ромеев
Параллельное заглавие Ρωμαϊκή ίστορία
Первые сведения об ответственности Никифор Григора
Последующие сведения об ответственности [пер. с греч. Р.В. Яшунского
-- вступ. ст. Л. Герд]
Язык параллельного заглавия греческий (совр.)
210 ## - ПУБЛИКАЦИЯ, РАСПРОСТРАНЕНИЕ И ДР.
Место издания, распространения и т.д. Санкт-Петербург
Имя издателя, распространителя и т. д. Издательский проект "Квадривиум"
Дата издания, распространения и т.д. 2017
215 ## - ФИЗИЧЕСКАЯ ХАРАКТЕРИСТИКА
Размеры 22
225 1# - СЕРИЯ
Основное заглавие серии Seria Byzantina
510 1# - ПАРАЛЛЕЛЬНОЕ ЗАГЛАВИЕ
Связь между полями z45790
Параллельное заглавие Ρωμαϊκή ίστορία
Язык заглавия греческий (совр.)
607 ## - ГЕОГРАФИЧЕСКОЕ НАИМЕНОВАНИЕ КАК ПРЕДМЕТ
Географическое наименование Византия
Тематический подзаголовок История
Хронологический подзаголовок 13 - 14 вв.
Системный номер авторитетной/нормативной записи 1326718
Идентификатор авторитетной/нормативной записи RU\NLR\AUTH\66236262
686 1# - ИНДЕКСЫ ДРУГИХ КЛАССИФИКАЦИЙ
Индекс Т3(0)443
700 #0 - ИМЯ ЛИЦА - ПЕРВИЧНАЯ ОТВЕТСТВЕННОСТЬ
Материалы, к которым относится поле rus
Графика поля Кириллица
Начальный элемент ввода Никифор Григора
Даты ок.1295-ок.1360
Идентификатор авторитетной/нормативной записи RU\NLR\AUTH\77126644
Системный номер авторитетной/нормативной записи 109568
702 #1 - ИМЯ ЛИЦА - ВТОРИЧНАЯ ОТВЕТСТВЕННОСТЬ
Начальный элемент ввода Яшунский
Часть имени, кроме начального элемента ввода Р.В.
Код отношения Переводчик
790 #0 - ИМЯ ЛИЦА - АЛЬТЕРНАТИВНАЯ ФОРМА
Материалы, к которым относится поле gre
Графика поля Греческая
Начальный элемент ввода Νικηφόρος Γρηγοράς
Даты ок.1295-ок.1360
Идентификатор авторитетной/нормативной записи RU\NLR\AUTH\770143427
Системный номер авторитетной/нормативной записи 143391
852 ## - МЕСТОНАХОЖДЕНИЕ И ШИФР ХРАНЕНИЯ
Идентификатор организации NLR
Шифр хранения (Call Number) 2017-5/3100
942 ## - ДОПОЛНИТЕЛЬНЫЕ ЭЛЕМЕНТЫ ЗАПИСИ (АБИС)
Тип экземпляра АБИС Книга

Нет доступных экземпляров.